00318 a2200121 4500001000700000040003500007100002300042240005200065245004700117300000700164362001000171440001500181151455 cEscola São Tomás de Aquino aCASTRO, Hermínia10aO caramujo que tinha dentro no mar inteirolpor10aO caramujo que tinha dentro no mar inteiro a390 a20041 1aSalamandra